000 00506nam a2200181Ia 4500
008 100920s9999 xx 000 0 und d
082 _b46524
_a24 थ 82
100 _aशिरवळकर सुहास.
245 _aकोसळ.
260 _bदिपाली प्रकाशन, कल्याण.
_c1982
300 _a282
_bसाधी
365 _b43
520 _aसायो.
630 _aकोसळ.
650 _aसायो.
730 _aकोसळ.
942 _cBOOK
999 _c694324
_d694321